000 00694nam a22002297a 4500
003 DO-SdBNP
005 20171205123540.0
008 171108b 1978| |||| 00| 0 spa d
020 _a8470800396
040 _aBPMSU
_bspa
_cBPMSU
082 _axxxxxxxx
_bxxxxxxxx
100 1 _aVerger, Guillem
245 1 3 _aLa gripe :
_buna epidemia moderna /
_cGuillem Verger, Vicens Ausina
260 _aBarcelona :
_bLa Gaya Ciencia ;
_c1978.
300 _a129 p. :
_bil. ;
_c19 cm.
490 1 _aBiblioteca de salud y sociedad
_v4
700 1 _aAusina, Vicens
830 0 _aBiblioteca de salud y sociedad
_n4
942 _2ddc
_cBK
945 _ainventariado extranjero / DG
956 _aBTAVAREZ
_b10
_c20171108
999 _c12815
_d12815